000
00331nam a2200133Ia 4500
008
240624s9999 xx 000 0 und d
041
_a
eng
082
_a
133.90135 WEI
100
_a
WEISS BRIAN L
245
_a
MANY LIVES MANY MASTERS
260
_c
1988
_a
New York
_b
A Fireside Book
300
_a
219 : p. : cm. ; 22
365
_c
_b
20
999
_c
4502
_d
4502